La participación de los trabajadores en las utilidades de la empresa. (Registro nro. 22640)
[ vista simple ]
| 000 -Cabecera | |
|---|---|
| Campo de control interno | 02679nam a2200325 4500 |
| 001 - Número de control | |
| control field | ESSALUD |
| 005 - Fecha y hora de la última transacción | |
| Campo de control | 20260703123717.0 |
| 007 - Tipo material - Descripcion fisica - info general | |
| Tipo material - Descripcion fisica - info general | ta |
| 008 - Elementos de Longitud Fija - Información General | |
| Elementos de Longitud Fija - Información | t pe ||||| |||| 00| 0 spa d |
| 040 ## - Origen de la Catalogación | |
| Origen de la Catalogación | BMG |
| 041 ## - Idioma | |
| Idioma | spa |
| 100 ## - Autor | |
| Autor | Valderrama Valderrama, Luis Ricardo |
| Rol del Autor | Autor |
| 9 (RLIN) | 49171 |
| 245 ## - Titulo | |
| Titulo | La participación de los trabajadores en las utilidades de la empresa. |
| Subtitulo | Marco normativo y criterios para su correcta aplicación |
| 246 ## - Variante del Titulo | |
| Titulo | Employees' part icipation in company profits. |
| Subtitulo | Legal framework and criteria far its proper application |
| 300 ## - Páginas | |
| Paginación | páginas 72-86 |
| 520 ## - Resumen | |
| Resumen | El artículo analiza el régimen jurídico de la participación de los trabajadores<br/>en las utilidades de las empresas en el Perú, abordando su marco normativo, ámbito<br/>de aplicación y criterios para su correcta distribución. Se examinan las condiciones<br/>que determinan la obligación empresarial de repartir utilidades, los trabajadores beneficiarios<br/>y los métodos de cálculo basados en los días efectivamente laborados y las<br/>remuneraciones percibidas. Asimismo, se revisan los plazos de pago, el tratamiento<br/>del remanente y las consecuencias del incumplimiento. El estudio busca orientar a empleadores<br/>y trabajadores para evitar contingencias derivadas de errores en el cálculo o<br/>en el pago oportuno. <br/> |
| 520 ## - Resumen | |
| Resumen | The article analyzes the legal framework governing employee’s' participation in company<br/>profits in Peru, addressing its regulatory basis, scape of application, and the criteria for its proper<br/>distribution. It examines the conditions that determine the employer's obligation to distribute profits,<br/>the workers entitled to this benefit, and the calculation methods based on days actually worked and<br/>the remuneration received. lt also reviews payment deadlines, the treatment of the remaining balance,<br/>and the consequences of non-compliance. The study aims to guide employers and workers in order to<br/>prevent contingencies arising from errors in the calculation or the timely payment of this benefit. <br/> |
| 650 ## - Temas - Descriptores | |
| Temas - Descriptores | PARTICIPACIÓN EN LAS UTILIDADES |
| 9 (RLIN) | 53274 |
| 650 ## - Temas - Descriptores | |
| Temas - Descriptores | DERECHO LABORAL PERUANO |
| 9 (RLIN) | 53275 |
| 650 ## - Temas - Descriptores | |
| Temas - Descriptores | DISTRIBUCIÓN DE UTILIDADES |
| 9 (RLIN) | 53276 |
| 650 ## - Temas - Descriptores | |
| Temas - Descriptores | BENEFICIOS LABORALES |
| 9 (RLIN) | 53277 |
| 650 ## - Temas - Descriptores | |
| Temas - Descriptores | REMUNERACIÓN COMPUTABLE |
| 9 (RLIN) | 53278 |
| 650 ## - Temas - Descriptores | |
| Temas - Descriptores | PROFIT SHARING |
| 9 (RLIN) | 53279 |
| 650 ## - Temas - Descriptores | |
| Temas - Descriptores | PERUVIAN LABOR LAW |
| 9 (RLIN) | 53280 |
| 650 ## - Temas - Descriptores | |
| Temas - Descriptores | PROFIT DISTRIBUTION |
| 9 (RLIN) | 53281 |
| 650 ## - Temas - Descriptores | |
| Temas - Descriptores | LABOR BENEFITS |
| 9 (RLIN) | 53282 |
| 650 ## - Temas - Descriptores | |
| Temas - Descriptores | COMPUTABLE REMUNERATIAN |
| 9 (RLIN) | 53283 |
| 773 0# - Revista (Relacion con el numero) | |
| Host Biblionumber | 22614 |
| Host Itemnumber | 22626 |
| Ciudad, Editorial | Lima Grupo Praxis Formación Profesional, 2026- |
| Codigo barras item/ejemplar | PRALAB002 |
| Titulo de la Revista | Praxis Laboral & Procesal Laboral |
| Número de control de registro | ESSALUD |
| ISSN | 3119-768X |
| 942 ## - Elementos de Koha | |
| Tipo de Documento | Artículos |
| Fecha procesamiento | 2026-07-02 |
| Catalogador | SQB |
No hay ítems disponibles.